banner-ar

اسس الجغرافية الطبيعية / (Record no. 66555)

MARC details
000 -الفاتح
حقل البيانات ثابتة الطول 00618nam a22001697a 4500
005 - وقت وتاريخ اخر تعامل مع التسجيلة
رقم الضبط 20240530110925.0
008 - عناصر البيانات ثابتة الطول - معلومات عامة
حقل البيانات ثابتة الطول 220221s1987 ua c g b 000 0 ara d
040 ## - مصدر الفهرسة
وكالة الفهرسة الأصلية EG-CaGPL
وكالة النسخ EG-CaGPL
082 04 - رقم تصنيف ديوى العشرى
رقم الطبعة 21
رقم التصنيف 913.02 /
رقم المادة ف ا
100 0# - المدخل الرئيسى - إسم شخصى
الإسم الشخصى فتحى عبدالعزيز ابوراضى
245 10 - بيان العنوان
العنوان اسس الجغرافية الطبيعية /
بيان المسئوليه,etc فتحى عبدالعزيز ابوراضى
260 ## - PUBLICATION, DISTRIBUTION, ETC. (IMPRINT)
تاريخ النشر أو التوزيع 1987
300 ## - الوصف المادى
التعداد 406 ص. ؛
أبعاد الوعاء 24 سم.
650 07 - المدخل الاضافى بالموضوع-مصطلح موضوعى
مصطلح موضوعي الجغرافية الطبيعية
مصدر الرأس أو المصطلح qrmak
942 ## - عناصر المدخل الإضافي( كوها)
مصدر التصنيف او مخطط الترفيف Dewey Decimal Classification
Koha [default] item type كتاب
260 ## - PUBLICATION, DISTRIBUTION, ETC. (IMPRINT)
-- الاسكندرية :
-- دار المعرفة الجامعية،
Holdings
حالة التراجع حالة الفقد حالة تلف ليس للاعارة المكان المؤقت الموقع الحالى موقع الترفيف تاريخ الاكتساب اجمالي اﻻعارات رقم الطلب الباركود تاريخ اخر مشاهدة تاريخ تفعيل السعر نوع وعاء كوها
        مكتبة القاهرة الكبرى مكتبة القاهرة الكبرى ق الرئيسية_التاريخ والجغرافيا_ك عربى 08/01/2022   913.02 / ف ا 168143 08/01/2022 08/01/2022 كتاب
        مكتبة القاهرة الكبرى مكتبة القاهرة الكبرى   08/20/2022   913.02 / ف ا 168295 08/20/2022 08/20/2022 كتاب

Powered By

EGPV